Southville International School and Colleges
Your cart is empty.
  • Cart
  • Lists
    Public lists Eva Luna New books Lux_list list_1
    Your lists Log in to create your own lists
  • Log in to your account
  • Your cookies
  • Search history
Southville International School and Colleges
  • Advanced search
  • Recent comments
  • Most popular
  • Libraries

Log in to your account

Log in with GOOGLE


If you do not have an external account, but do have a local account, you can still log in:

  1. Home
  2. MARC view: Barney: plays nose to toes /
Normal view MARC view ISBD view

Barney: plays nose to toes / (Record no. 102085)

[ view plain ]
MARC details
000 -LEADER
fixed length control field 00586nam a2200181 a 4500
005 - DATE AND TIME OF LATEST TRANSACTION
control field 20140412111228.0
008 - FIXED-LENGTH DATA ELEMENTS--GENERAL INFORMATION
fixed length control field 010529s19uu xx 00 eng d
020 ## - INTERNATIONAL STANDARD BOOK NUMBER
International Standard Book Number 1-57064-077-7
050 ## - LIBRARY OF CONGRESS CALL NUMBER
Classification number ER
Item number L32 1996
100 ## - MAIN ENTRY--PERSONAL NAME
Personal name Larsen, Margie
245 ## - TITLE STATEMENT
Title Barney: plays nose to toes /
Statement of responsibility, etc written by Margie Larsen, M. Ed. and Mary Ann Dudko, Ph. D. ; photography by Dennis Full.
260 ## - PUBLICATION, DISTRIBUTION, ETC. (IMPRINT)
Place of publication, distribution, etc Drive Allen, Texas :
Name of publisher, distributor, etc The Lyons Group,
Date of publication, distribution, etc 1996.
300 ## - PHYSICAL DESCRIPTION
Extent 1v. (unp.); ill.
440 ## - SERIES STATEMENT/ADDED ENTRY--TITLE
Title Barney
650 ## - SUBJECT ADDED ENTRY--TOPICAL TERM
Topical term or geographic name as entry element Movements, body-Juvenile literature
650 ## - SUBJECT ADDED ENTRY--TOPICAL TERM
Topical term or geographic name as entry element game to play
Holdings
Withdrawn status Lost status Damaged status Use restrictions Home library Current library Shelving location Date acquired Source of acquisition Total Checkouts Full call number Barcode Date last seen Price effective from Koha item type
        Elizalde Library Elizalde Library Easy Reading Section 05/29/2001     ER L32 1996 E0484 04/12/2014 04/12/2014 Books

Barney: plays nose to toes /

APA

Larsen M., . (1996). Barney: plays nose to toes. Drive Allen, Texas: The Lyons Group.

Chicago

Larsen Margie, . 1996. Barney: plays nose to toes. Drive Allen, Texas: The Lyons Group.

Harvard

Larsen M., . (1996). Barney: plays nose to toes. Drive Allen, Texas: The Lyons Group.

MLA

Larsen Margie, . Barney: plays nose to toes. Drive Allen, Texas: The Lyons Group. 1996.

  • Place hold
  • Print
  • Cite
  • Add to your cart (remove)
  • Save record
    BIBTEX Dublin Core MARCXML MARC (non-Unicode/MARC-8) MARC (Unicode/UTF-8) MARC (Unicode/UTF-8, Standard) MODS (XML) RIS
  • More searches
    Search for this title in:
    Other Libraries (WorldCat) Other Databases (Google Scholar) Online Stores (Bookfinder.com) Open Library (openlibrary.org)

Exporting to Dublin Core...

SOUTHVILLE LIBRARY

Southville International School and Colleges Library

1281 Tropical Ave. Cor. Luxembourg St., BF Homes International, Las Pinas City

Tel. No. 8256374 / 252358 Loc. 117/146

Powered by Koha